Introducción a la Psicología: el acceso a la mente y la conducta (Registro nro. 7950)
[ vista simple ]
| 000 -CABECERA | |
|---|---|
| campo de control de longitud fija | 00684c a2200241 4500 |
| 005 - FECHA Y HORA DE ACTUALIZACIÓN | |
| campo de control | 20160415091403.0 |
| 008 - LONGITUD FIJA | |
| campo de control de longitud fija | 920909 00000 |
| 020 ## - INTERNATIONAL STANDARD BOOK NUMBER | |
| Número Internacional Estándar del Libro | 9786075220260 |
| 041 ## - IDIOMA | |
| Código de idioma del texto/pista de sonido o título separado | |
| 082 ## - CLASIFICACIÓN DECIMAL DEWEY | |
| Número de clasificación | 150 |
| Número de documento/Ítem | C775i13 |
| 100 1# - AUTOR PERSONAL | |
| Nombre de persona | Coon, Dennis |
| 245 10 - TÍTULO PROPIAMENTE DICHO | |
| Título | Introducción a la Psicología: el acceso a la mente y la conducta |
| 250 ## - EDICIÓN | |
| Mención de edición | 13 edición |
| 260 ## - PIE DE IMPRENTA | |
| Lugar de publicación, distribución, etc. | Mexico |
| Nombre del editor, distribuidor, etc. | Cengage Learning |
| Fecha de publicación, distribución, etc. | 2013 |
| 300 ## - DESCRIPCIÓN FÍSICA | |
| Extensión | 643 páginas |
| 650 ## - Materia General | |
| Materia general | PSICOLOGÍA |
| 650 ## - Materia General | |
| Materia general | CONDUCTA |
| 650 ## - Materia General | |
| Materia general | DESARROLLO HUMANO |
| 650 ## - Materia General | |
| Materia general | MEMORIA |
| 650 ## - Materia General | |
| Materia general | PERSONALIDAD |
| 650 ## - Materia General | |
| Materia general | TRASTORNOS PSICOLÓGICOS |
| 942 ## - Punto de Acceso Adicional Koha | |
| Tipo de ítem Koha | Libro |
| Estado perdido | Estado dañado | No para préstamo | Biblioteca permanente | Biblioteca actual | Signatura completa | Código de barras | Tipo de ítem |
|---|---|---|---|---|---|---|---|
| Departamento de Biblioteca y Documentación Alfonso Chase Brenes | Departamento de Biblioteca y Documentación Alfonso Chase Brenes | 150 C775i13 | 21070 | Libro |